The executive aircraft; (Record no. 548146)
[ view plain ]
| 000 -LEADER | |
|---|---|
| fixed length control field | 00500cam a22001451 4500 |
| 082 ## - DEWEY DECIMAL CLASSIFICATION NUMBER | |
| Classification number | 629.13 |
| Author Mark | SAM |
| -- | L-18, P-7 |
| 100 1# - MAIN ENTRY--PERSONAL NAME | |
| Personal name | Samuelson, Hugh M. |
| 9 (RLIN) | 44320 |
| 245 14 - TITLE STATEMENT | |
| Title | The executive aircraft; |
| Remainder of title | a guide to the potentialities, choice, and operation of aircraft for business purposes. |
| 260 ## - PUBLICATION, DISTRIBUTION, ETC. | |
| Place of publication, distribution, etc. | [London] |
| Name of publisher, distributor, etc. | Temple Press Books |
| Date of publication, distribution, etc. | [1963] |
| 300 ## - PHYSICAL DESCRIPTION | |
| Extent | 114 p. |
| Other physical details | illus. |
| Dimensions | 23 cm. |
| 526 ## - STUDY PROGRAM INFORMATION NOTE | |
| Program name | 0 |
| Interest level | 0 |
| Reading level | 0 |
| Title point value | 629_130000000000000_SAM |
| 650 #0 - SUBJECT ADDED ENTRY--TOPICAL TERM | |
| Topical term or geographic name entry element | Airplanes, Company. |
| 9 (RLIN) | 44321 |
| 650 #0 - SUBJECT ADDED ENTRY--TOPICAL TERM | |
| Topical term or geographic name entry element | MCE |
| 9 (RLIN) | 379 |
| 942 ## - ADDED ENTRY ELEMENTS (KOHA) | |
| Source of classification or shelving scheme | |
| Koha item type | Book |
| Withdrawn status | Lost status | Source of classification or shelving scheme | Damaged status | Not for loan | Permanent Location | Current Location | Date acquired | Total Checkouts | Full call number | Barcode | Date last seen | Price effective from | Koha item type |
|---|---|---|---|---|---|---|---|---|---|---|---|---|---|
| Military College of Engineering (MCE) | Military College of Engineering (MCE) | 08/22/2014 | 629.13 SAM | MCE-3396 | 08/22/2014 | 08/22/2014 | Book |
